NATURES PLAN;SOIL MICROINVERTEBRATE COMMUNITIES IN NEOTROPICAL SAVANNAS OF COLOMBIA (Record no. 215586)

MARC details
000 -LEADER
fixed length control field 00510nam a22001697a 4500
008 - FIXED-LENGTH DATA ELEMENTS--GENERAL INFORMATION
fixed length control field 250605b |||||||| |||| 00| 0 eng d
020 ## - INTERNATIONAL STANDARD BOOK NUMBER
International Standard Book Number 958-694-038-1
050 ## - LIBRARY OF CONGRESS CALL NUMBER
Classification number QH 84.8.N38 2001
100 ## - MAIN ENTRY--PERSONAL NAME
Personal name JOMENEZ JUAN J
245 ## - TITLE STATEMENT
Title NATURES PLAN;SOIL MICROINVERTEBRATE COMMUNITIES IN NEOTROPICAL SAVANNAS OF COLOMBIA
260 ## - PUBLICATION, DISTRIBUTION, ETC.
Name of publisher, distributor, etc. CETRO INTERNACIONAL DE AGRICULTURE TROPICAL
Date of publication, distribution, etc. 2001
300 ## - PHYSICAL DESCRIPTION
Extent X,389P.
500 ## - GENERAL NOTE
General note INCLUDES AN INDEX
650 ## - SUBJECT ADDED ENTRY
Topical term or geographic name entry element AGRICULTURE
942 ## - ADDED ENTRY ELEMENTS (KOHA)
Source of classification or shelving scheme Library of Congress Classification
Koha item type Long Loan Book
Holdings
Withdrawn status Lost status Source of classification or shelving scheme Damaged status Not for loan Collection Home library Current library Shelving location Date acquired Inventory number Total checkouts Full call number Barcode Date last seen Copy number Price effective from Koha item type
    Library of Congress Classification     Science & Technology Kisii University Library Kisii University Library On Display 06/05/2025 00048408   QH 84.8.N38 2001 000000018679 06/05/2025 C.1 06/05/2025 Long Loan Book